000 00593nam a2200229Ia 4500
003 OSt
005 20221005130637.0
006 a|||||r|||| 00| 0
007 ta
008 221004b |||||||| |||| 00| 0 guj d
024 _a46574
037 _cTextual
040 _aCRL
_cCRL
_bguj
041 _2guj
_aguj
082 _aO156,3N22,16, K2.1
100 _aMadia Chunilal
_9227944
245 0 _aSadhara jesang no salo
260 _c1959
650 _aGUJRATI LITERATURE
942 _hO156,3N22,16, K2.1
_cTEXL
_2cc
999 _c1057898
_d1057898